[Event "Sao Paulo Carnaval op"]
[Site "Sao Paulo"]
[Date "2018.02.13"]
[Round "7"]
[White "De Paula, Luciano Alves"]
[Black "De Paula, Bruno Cesar Lima"]
[Result "1-0"]
[WhiteElo "1799"]
[BlackElo "1427"]
[PlyCount "125"]
[EventDate "2018.02.10"]
[EventType "swiss"]
[EventRounds "7"]
[EventCountry "BRA"]
[SourceTitle "CBM 183 Extra"]
[Source "ChessBase"]
[SourceDate "2018.04.19"]
[SourceVersion "1"]
[SourceVersionDate "2018.04.19"]
[SourceQuality "1"]

1. e4 c5 2. Nf3 d6 3. d4 cxd4 4. Nxd4 Nf6 5. Nc3 a6 6. Be3 Ng4 7. Bc1 Nf6 8. f3 e6 9. Be3 Be7 10. Qd2 Nc6 11. 0-0-0 Qc7 12. g4 b5 13. g5 Nd7 14. f4 b4 15. Na4 e5 16. Nf5 Nc5 17. Nxg7+ Kf8 18. Nxc5 Kxg7 19. Nd3 Bg4 20. Be2 b3 21. axb3 Na5 22. Kb1 Bxe2 23. Qxe2 Rhc8 24. f5 Kg8 25. g6 fxg6 26. fxg6 Bf8 27. gxh7+ Qxh7 28. Rhg1+ Kf7 29. Qg4 Rc7 30. Bb6 Rac8 31. Bxc7 Rxc7 32. Rdf1+ Ke8 33. Qg6+ Qxg6 34. Rxg6 Bg7 35. Rxd6 Nc6 36. c3 Bf8 37. Rg6 Na5 38. Rg8 Rh7 39. Rgxf8+ Ke7 40. b4 Nc4 41. R1f2 Rg7 42. Ra8 Rg1+ 43. Ka2 Rg6 44. Nc5 a5 45. Ra7+ Ke8 46. bxa5 Rd6 47. Rg2 Kf8 48. Nd7+ Ke7 49. Nxe5+ Kf6 50. Nxc4 Re6 51. e5+ Kf5 52. h4 Ke4 53. h5 Kd3 54. Kb3 Rh6 55. Rg3+ Ke4 56. Re3+ Kd5 57. Rd7+ Kc5 58. e6 Rh8 59. e7 Rb8+ 60. Nb6 Kb5 61. e8Q Rc8 62. Re5+ Ka6 63. Qxc8# 1-0

[Event "Sao Paulo Carnaval op"]
[Site "Sao Paulo"]
[Date "2018.02.11"]
[Round "3"]
[White "De Paula, Luciano Alves"]
[Black "Ribeiro, Jose Joselito"]
[Result "0-1"]
[WhiteElo "1799"]
[BlackElo "1968"]
[PlyCount "106"]
[EventDate "2018.02.10"]
[EventType "swiss"]
[EventRounds "7"]
[EventCountry "BRA"]
[SourceTitle "CBM 183 Extra"]
[Source "ChessBase"]
[SourceDate "2018.04.19"]
[SourceVersion "1"]
[SourceVersionDate "2018.04.19"]
[SourceQuality "1"]

1. e4 c5 2. Nf3 e6 3. d4 cxd4 4. Nxd4 a6 5. Nc3 Nc6 6. Be3 Nf6 7. f3 Bb4 8. Qd2 0-0 9. a3 Qa5 10. Nb3 Bxc3 11. Nxa5 Bxd2+ 12. Bxd2 d5 13. Nxc6 bxc6 14. Bb4 Re8 15. Bd3 e5 16. 0-0 Bb7 17. Bd6 Rac8 18. b4 dxe4 19. fxe4 c5 20. Bxc5 Nxe4 21. Bc4 Nf6 22. Rad1 Rcd8 23. Bb6 Rxd1 24. Rxd1 g6 25. Rd8 Rxd8 26. Bxd8 Ne4 27. b5 axb5 28. Bxb5 Nc3 29. Bc4 Kg7 30. Ba5 Nd5 31. Kf2 f5 32. Bd2 Kf6 33. a4 g5 34. Bb5 h6 35. c4 Nc7 36. Bd7 Ne6 37. h4 Nc5 38. Bb5 Ne4+ 39. Ke3 Nxd2 40. Kxd2 Ke6 41. g3 gxh4 42. gxh4 Kd6 43. a5 Kc5 44. Bd7 f4 45. Be6 e4 46. Ke2 Kd4 47. Ke1 e3 48. Bf7 f3 49. Be6 f2+ 50. Kf1 Kd3 51. Bf5+ Kxc4 52. a6 Ba8 53. Ke2 Bg2 0-1

[Event "Sao Paulo Carnaval op"]
[Site "Sao Paulo"]
[Date "2018.02.11"]
[Round "4"]
[White "Frattini, Beatriz Maria"]
[Black "De Paula, Luciano Alves"]
[Result "1/2-1/2"]
[WhiteElo "1326"]
[BlackElo "1799"]
[PlyCount "88"]
[EventDate "2018.02.10"]
[EventType "swiss"]
[EventRounds "7"]
[EventCountry "BRA"]
[SourceTitle "CBM 183 Extra"]
[Source "ChessBase"]
[SourceDate "2018.04.19"]
[SourceVersion "1"]
[SourceVersionDate "2018.04.19"]
[SourceQuality "1"]

1. e4 c5 2. Nf3 Nc6 3. d4 cxd4 4. Nxd4 e6 5. Nc3 d6 6. Be3 Nf6 7. f3 Be7 8. Qd2 0-0 9. 0-0-0 d5 10. exd5 Nxd5 11. Bc4 Nb6 12. Nxc6 Qxd2+ 13. Bxd2 bxc6 14. Bb3 Ba6 15. Rhe1 Rfd8 16. Bf4 Rxd1+ 17. Nxd1 Nd5 18. Bg3 Bg5+ 19. Kb1 Bd2 20. Rg1 Rd8 21. Be1 Nf4 22. Bf2 Ne2 23. Rh1 Nd4 24. Ne3 Nxb3 25. axb3 Rd7 26. Nc4 Bxc4 27. bxc4 Ba5 28. Be3 e5 29. Kc1 Bb6 30. Bxb6 axb6 31. Rd1 Rxd1+ 32. Kxd1 f5 33. Ke2 Kf7 34. Ke3 h5 35. h4 Ke6 36. b3 Kd6 37. b4 c5 38. b5 Ke6 39. g3 Kf6 40. c3 Ke6 41. f4 Kf6 42. Kf3 Ke6 43. Ke3 g6 44. Kf3 e4+ 1/2-1/2

[Event "Fortaleza Alves memorial 17th"]
[Site "Fortaleza"]
[Date "2013.05.19"]
[Round "5"]
[White "Oliveira Neto, Lourival Ponte"]
[Black "De Paula, Luciano Alves"]
[Result "0-1"]
[WhiteElo "1824"]
[BlackElo "1816"]
[PlyCount "98"]
[EventDate "2013.05.17"]
[EventType "swiss"]
[EventRounds "6"]
[EventCountry "BRA"]
[SourceTitle "CBM 154 Extra"]
[Source "ChessBase"]
[SourceDate "2013.06.25"]
[SourceVersion "2"]
[SourceVersionDate "2013.06.25"]
[SourceQuality "1"]

1. e4 c5 2. Nf3 Nc6 3. Bc4 e6 4. 0-0 d6 5. Nc3 Nf6 6. Re1 Be7 7. a3 0-0 8. d3 d5 9. exd5 exd5 10. Ba2 Bg4 11. h3 Bh5 12. b3 Qa5 13. Bd2 Qc7 14. Rb1 a6 15. Bg5 d4 16. Bxf6 Bxf6 17. Nd5 Qd6 18. b4 cxb4 19. axb4 Rae8 20. Rxe8 Rxe8 21. b5 Ne7 22. Nxf6+ Qxf6 23. bxa6 bxa6 24. g4 Bg6 25. Kg2 h5 26. g5 Qf4 27. Qe2 Kf8 28. Qe5 Qxe5 29. Nxe5 Nf5 30. Nxg6+ fxg6 31. Rb6 a5 32. Kf1 Nh4 33. Rb5 a4 34. Rc5 Rb8 35. c3 Rb2 36. Bd5 a3 37. Ra5 dxc3 38. Ke1 Rb1+ 39. Ke2 c2 40. Ra8+ Ke7 41. Rc8 c1Q 42. Rxc1 Rxc1 43. Kd2 Rc7 44. Bc4 Nf3+ 45. Kc2 Nxg5 46. Kb3 Ra7 47. Ka2 Nxh3 48. f3 Nf4 49. Kb1 h4 0-1

[Event "Fortaleza Alves memorial 17th"]
[Site "Fortaleza"]
[Date "2013.05.18"]
[Round "4"]
[White "De Paula, Luciano Alves"]
[Black "Sousa, Odimar de Araujo"]
[Result "1-0"]
[WhiteElo "1816"]
[BlackElo "1663"]
[PlyCount "95"]
[EventDate "2013.05.17"]
[EventType "swiss"]
[EventRounds "6"]
[EventCountry "BRA"]
[SourceTitle "CBM 154 Extra"]
[Source "ChessBase"]
[SourceDate "2013.06.25"]
[SourceVersion "2"]
[SourceVersionDate "2013.06.25"]
[SourceQuality "1"]

1. e4 e5 2. Nf3 Nf6 3. Nxe5 d6 4. Nf3 Nxe4 5. d4 d5 6. Bd3 Qe7 7. 0-0 Nc6 8. c3 Bf5 9. Qb3 0-0-0 10. Nbd2 Kb8 11. Ba6 b6 12. Bb5 Na5 13. Qa4 Bd7 14. Nb3 a6 15. Bxd7 Qxd7 16. Qxd7 Rxd7 17. Nxa5 bxa5 18. Ne5 Kc8 19. Nxd7 Kxd7 20. f3 Nd6 21. Bg5 f6 22. Bf4 Nf7 23. Rfe1 g5 24. Bg3 Nh6 25. Re2 Nf5 26. Rae1 Nxg3 27. hxg3 Bd6 28. Kf2 h5 29. Rh1 h4 30. gxh4 gxh4 31. Ke3 f5 32. f4 c5 33. dxc5 Bxc5+ 34. Kf3 Bd6 35. g3 h3 36. Reh2 Rb8 37. Rd2 Kc6 38. Rxh3 a4 39. Rh6 Rb6 40. c4 Kc5 41. Rxd5+ Kxc4 42. Rdxd6 Rxb2 43. Rc6+ Kb4 44. Rb6+ Ka3 45. Rxb2 Kxb2 46. Rh2+ Ka3 47. g4 fxg4+ 48. Kxg4 1-0

[Event "Fortaleza Alves memorial 17th"]
[Site "Fortaleza"]
[Date "2013.05.17"]
[Round "2"]
[White "Silva, Antonio Helder Da"]
[Black "De Paula, Luciano Alves"]
[Result "1-0"]
[WhiteElo "2014"]
[BlackElo "1816"]
[PlyCount "57"]
[EventDate "2013.05.17"]
[EventType "swiss"]
[EventRounds "6"]
[EventCountry "BRA"]
[SourceTitle "CBM 154 Extra"]
[Source "ChessBase"]
[SourceDate "2013.06.25"]
[SourceVersion "2"]
[SourceVersionDate "2013.06.25"]
[SourceQuality "1"]

1. e4 c5 2. Nf3 Nc6 3. Nc3 e6 4. Bb5 Nge7 5. d4 cxd4 6. Nxd4 a6 7. Bxc6 Nxc6 8. Be3 d6 9. 0-0 Be7 10. Qd2 0-0 11. Rad1 Ne5 12. Qe2 b5 13. f4 Nc4 14. Nc6 Qc7 15. Nxe7+ Qxe7 16. Bc1 Bb7 17. b3 Nb6 18. Ba3 Nc8 19. Rd3 Qc7 20. Rfd1 Qa5 21. Bb2 b4 22. Na4 Bc6 23. Rg3 e5 24. Qg4 g6 25. f5 Bd7 26. Qg5 Qd8 27. f6 h6 28. Qh4 Kh7 29. Bc1 1-0

[Event "BRA-ch Amateur"]
[Site "Sao Paulo"]
[Date "2013.02.10"]
[Round "3"]
[White "De Paula, Luciano Alves"]
[Black "Miquelin, Nicolas Seoane"]
[Result "0-1"]
[WhiteElo "1810"]
[BlackElo "1958"]
[PlyCount "148"]
[EventDate "2013.02.09"]
[EventType "swiss"]
[EventRounds "7"]
[EventCountry "BRA"]
[SourceTitle "CBM 152 Extra"]
[Source "ChessBase"]
[SourceDate "2013.02.25"]
[SourceVersion "1"]
[SourceVersionDate "2013.02.25"]
[SourceQuality "1"]

1. d4 Nf6 2. c4 e6 3. Nc3 Bb4 4. e3 b6 5. Bd3 Bb7 6. Nf3 0-0 7. 0-0 Bxc3 8. bxc3 Ne4 9. Qc2 f5 10. Ne1 d6 11. f3 Nf6 12. e4 fxe4 13. fxe4 e5 14. Nf3 Nbd7 15. Bg5 h6 16. Bh4 Qe7 17. Rab1 exd4 18. cxd4 Bxe4 19. Rbe1 Bxd3 20. Qxd3 Qf7 21. Nd2 Qh5 22. Bxf6 Nxf6 23. Re7 Rf7 24. Rxf7 Qxf7 25. Ne4 Rf8 26. Nxf6+ gxf6 27. d5 Qh5 28. Rf3 Rf7 29. Rh3 Qe5 30. Re3 Qa1+ 31. Kf2 f5 32. Re8+ Kh7 33. Qd2 Qf6 34. Qe2 Rg7 35. Re6 Qh4+ 36. Kg1 Qg4 37. Qd2 Qg5 38. Qc2 Rg6 39. Re8 h5 40. Qb2 Rg7 41. Qc2 h4 42. Rf8 h3 43. g3 Qe3+ 44. Kf1 Qf3+ 45. Qf2 Qd1+ 46. Qe1 Qxe1+ 47. Kxe1 Rxg3 48. Rxf5 Rg1+ 49. Kf2 Rg2+ 50. Kf1 Kg6 51. Rf2 Rg4 52. Rc2 Kf5 53. Rc3 Ke5 54. Re3+ Kd4 55. Rxh3 Kxc4 56. Rh7 Kxd5 57. Rxc7 a5 58. Kf2 b5 59. Kf3 Re4 60. Ra7 Ra4 61. h4 Rxa2 62. h5 a4 63. h6 Rh2 64. h7 Kc4 65. Ke4 Kb3 66. Kf5 Rh6 67. Rd7 a3 68. Rxd6 Rxh7 69. Ke5 Rh5+ 70. Ke6 a2 71. Rd1 b4 72. Rg1 Rh2 73. Kd5 Kb2 74. Rg4 a1Q 0-1

[Event "BRA-ch Amateur"]
[Site "Sao Paulo"]
[Date "2013.02.09"]
[Round "2"]
[White "Costa, Ricardo Santos"]
[Black "De Paula, Luciano Alves"]
[Result "0-1"]
[WhiteElo "1839"]
[BlackElo "1810"]
[PlyCount "73"]
[EventDate "2013.02.09"]
[EventType "swiss"]
[EventRounds "7"]
[EventCountry "BRA"]
[SourceTitle "CBM 152 Extra"]
[Source "ChessBase"]
[SourceDate "2013.02.25"]
[SourceVersion "1"]
[SourceVersionDate "2013.02.25"]
[SourceQuality "1"]

1. e4 c5 2. Bc4 Nc6 3. Nf3 e6 4. d4 cxd4 5. Nxd4 d6 6. Be3 Nf6 7. Nc3 Be7 8. 0-0 0-0 9. Qe2 Ne5 10. Bb3 a6 11. h3 Qc7 12. Bf4 b5 13. Bxe5 dxe5 14. Nf3 Bb7 15. a3 b4 16. axb4 Bxb4 17. Qc4 Qxc4 18. Bxc4 Bxc3 19. bxc3 Nxe4 20. Nxe5 Nxc3 21. Ra3 Nb5 22. Bxb5 axb5 23. Rb3 Rac8 24. c4 f6 25. Rxb5 Bc6 26. Nxc6 Rxc6 27. Rb4 e5 28. g4 Kf7 29. Kg2 Ke6 30. Kg3 g6 31. f4 e4 32. Kf2 f5 33. g5 Rc7 34. Ke3 Rd7 35. Rb3 Kd6 36. Kd4 Ra7 37. Rc3 0-1

[Event "Rio Verde Fexeg Cup"]
[Site "Rio Verde"]
[Date "2012.10.21"]
[Round "5"]
[White "Rezende, Guilherme Vilela"]
[Black "De Paula, Luciano Alves"]
[Result "1-0"]
[WhiteElo "2046"]
[BlackElo "1805"]
[PlyCount "45"]
[EventDate "2012.10.19"]
[EventType "swiss"]
[EventRounds "6"]
[EventCountry "BRA"]
[SourceTitle "EXT 2014"]
[Source "ChessBase"]
[SourceDate "2013.11.20"]
[SourceVersion "1"]
[SourceVersionDate "2013.11.20"]
[SourceQuality "1"]

1. e4 e6 2. d3 c5 3. Be2 Nc6 4. c3 d5 5. Nd2 Nf6 6. Qc2 Be7 7. Ngf3 0-0 8. 0-0 dxe4 9. dxe4 Qc7 10. a4 Bd7 11. Nc4 Rac8 12. Rd1 Rfd8 13. Bg5 Ne8 14. e5 f6 15. exf6 Bxf6 16. Bxf6 Nxf6 17. Nd6 Rb8 18. Bc4 Ne7 19. Ne4 Rf8 20. Neg5 Ng6 21. Bxe6+ Bxe6 22. Nxe6 Qf4 23. Nxf4 1-0

[Event "Rio Verde Fexeg Cup"]
[Site "Rio Verde"]
[Date "2012.10.19"]
[Round "2"]
[White "Mariano, Marceley Martins"]
[Black "De Paula, Luciano Alves"]
[Result "1-0"]
[WhiteElo "2091"]
[BlackElo "1805"]
[PlyCount "111"]
[EventDate "2012.10.19"]
[EventType "swiss"]
[EventRounds "6"]
[EventCountry "BRA"]
[SourceTitle "EXT 2014"]
[Source "ChessBase"]
[SourceDate "2013.11.20"]
[SourceVersion "1"]
[SourceVersionDate "2013.11.20"]
[SourceQuality "1"]

1. e4 e6 2. d3 d5 3. Nd2 dxe4 4. dxe4 e5 5. Ngf3 Bg4 6. Bc4 Nc6 7. c3 Qd7 8. Qb3 Na5 9. Bxf7+ Kd8 10. Qd5 Qxd5 11. Bxd5 Bd6 12. Ng5 Nh6 13. b4 Nc6 14. h3 Bd7 15. Nb3 Ke7 16. Be3 Nd8 17. Nc5 Bc8 18. Nf3 Nhf7 19. 0-0-0 c6 20. Bb3 a5 21. Na4 Be6 22. Nb6 Ra6 23. Nc4 axb4 24. Nxd6 Nxd6 25. Bc5 N8f7 26. Bxb4 Rd8 27. Kb2 b6 28. Bxd6+ Rxd6 29. Rxd6 Kxd6 30. Rd1+ Ke7 31. Nd2 Nd6 32. f3 Ra8 33. Nf1 g5 34. Ne3 h5 35. Nc2 g4 36. hxg4 hxg4 37. Rh1 Bxb3 38. axb3 gxf3 39. gxf3 Rf8 40. Rh3 Nf7 41. Rg3 Nd6 42. Nb4 Kd7 43. Kc2 Rf7 44. Kd3 Rh7 45. Rg5 Re7 46. Ke3 Nf7 47. Rg6 Nd6 48. c4 Rh7 49. Nd3 Re7 50. Rg5 Nf7 51. Rf5 Kd6 52. Rf6+ Kd7 53. Rxf7 Rxf7 54. Nxe5+ Ke6 55. Nxf7 Kxf7 56. f4 1-0

[Event "Anapolis Interior-ch"]
[Site "Anapolis"]
[Date "2012.08.03"]
[Round "1"]
[White "De Paula, Luciano Alves"]
[Black "Mariano, Marceley Martins"]
[Result "0-1"]
[WhiteElo "1814"]
[BlackElo "2095"]
[PlyCount "154"]
[EventDate "2012.08.03"]
[EventType "swiss"]
[EventRounds "6"]
[EventCountry "BRA"]
[SourceTitle "EXT 2014"]
[Source "ChessBase"]
[SourceDate "2013.11.20"]
[SourceVersion "1"]
[SourceVersionDate "2013.11.20"]
[SourceQuality "1"]

1. d4 d5 2. c4 c6 3. cxd5 cxd5 4. Nc3 Nc6 5. Nf3 Nf6 6. Bf4 Qb6 7. Na4 Qb4+ 8. Bd2 Qd6 9. e3 Bg4 10. Be2 b6 11. Nc3 e6 12. Qa4 Bxf3 13. gxf3 Be7 14. Bb5 Rc8 15. Qxa7 Nd7 16. Bxc6 Qxc6 17. Qa4 Qb7 18. Rc1 0-0 19. 0-0 Ra8 20. Qb3 Qa6 21. a3 Nf6 22. Nb5 Rac8 23. Rxc8 Rxc8 24. Rc1 Rxc1+ 25. Bxc1 Qa5 26. Nc3 Bd6 27. Qa4 Qxa4 28. Nxa4 Nd7 29. b4 Kf8 30. Nc3 Nb8 31. Nb5 Be7 32. e4 Nc6 33. Be3 Bd8 34. exd5 exd5 35. Nc3 Ne7 36. Bf4 Nf5 37. Nxd5 Nxd4 38. Bd6+ Ke8 39. Kg2 f6 40. Bb8 Kd7 41. Bf4 Kc6 42. Nc3 Nc2 43. Bc1 Be7 44. h3 Ne1+ 45. Kf1 Nxf3 46. Ke2 Ng1+ 47. Ke3 Nxh3 48. f3 h5 49. Ke4 g6 50. Be3 f5+ 51. Kd3 f4 52. b5+ Kd7 53. Bd4 Ng5 54. Ke2 Ne6 55. Bg1 Kd6 56. Na4 Nc5 57. Nc3 Bd8 58. Nd1 Kd5 59. Bh2 g5 60. Bg1 Kc4 61. Bxc5 bxc5 62. a4 Kb3 63. Kd3 c4+ 64. Kd4 Bf6+ 65. Kd5 Bd8 66. Nf2 c3 67. Nd3 h4 68. Nc5+ Kb2 69. Kc6 h3 70. b6 Bxb6 71. Kxb6 h2 72. Nd3+ Kb1 73. Nf2 c2 74. a5 c1Q 75. a6 Qg1 76. a7 Qxf2+ 77. Kb7 Qxa7+ 0-1

[Event "Jatai Kativa IRT"]
[Site "Jatai"]
[Date "2012.04.30"]
[Round "6"]
[White "Costa, Charles Vinicius"]
[Black "De Paula, Luciano Alves"]
[Result "0-1"]
[WhiteElo "1800"]
[BlackElo "1820"]
[PlyCount "106"]
[EventDate "2012.04.28"]
[EventType "tourn"]
[EventRounds "9"]
[EventCountry "BRA"]
[SourceTitle "CBM 148 Extra"]
[Source "ChessBase"]
[SourceDate "2012.06.22"]
[SourceVersion "1"]
[SourceVersionDate "2012.06.22"]
[SourceQuality "1"]

1. e4 c5 2. Nc3 Nc6 3. g3 g6 4. Bg2 Bg7 5. f4 d6 6. Nf3 e6 7. 0-0 Nge7 8. d3 0-0 9. Be3 Nd4 10. Qd2 Nec6 11. Nd1 Bd7 12. c3 Nxf3+ 13. Bxf3 Qc7 14. g4 f5 15. h3 Ne7 16. Qg2 Bc6 17. Nf2 Rad8 18. h4 d5 19. Bxc5 dxe4 20. dxe4 Bxe4 21. Bxe4 fxe4 22. Nxe4 b6 23. Bxe7 Qxe7 24. Qg3 Qb7 25. Ng5 Rfe8 26. Rad1 Qc7 27. Rxd8 Qxd8 28. Qe3 h6 29. Nf3 Kh7 30. Qe4 b5 31. Kg2 Qd5 32. Re1 Qxa2 33. Re2 Rf8 34. h5 Rf6 35. Nh4 Qd5 36. Nxg6 Qxe4+ 37. Rxe4 Kg8 38. Rd4 Rf7 39. Rd6 b4 40. Rxe6 bxc3 41. bxc3 Bxc3 42. Ne5 Rxf4 43. Rg6+ Kh7 44. Nf3 a5 45. Nh4 Rf6 46. Nf5 Rxg6 47. hxg6+ Kxg6 48. Ne3 a4 49. Nc4 Kg5 50. Kf3 Be1 51. Ke2 Bb4 52. Ne5 a3 53. Nd3 a2 0-1

[Event "Jatai Kativa IRT"]
[Site "Jatai"]
[Date "2012.04.29"]
[Round "5"]
[White "De Paula, Luciano Alves"]
[Black "Alves Rezende, Uelton Fabricius"]
[Result "1-0"]
[WhiteElo "1820"]
[BlackElo "1827"]
[PlyCount "91"]
[EventDate "2012.04.28"]
[EventType "tourn"]
[EventRounds "9"]
[EventCountry "BRA"]
[SourceTitle "CBM 148 Extra"]
[Source "ChessBase"]
[SourceDate "2012.06.22"]
[SourceVersion "1"]
[SourceVersionDate "2012.06.22"]
[SourceQuality "1"]

1. d4 Nf6 2. c4 e6 3. Nc3 Bb4 4. e3 b6 5. Bd3 Bb7 6. Nf3 Ne4 7. Qc2 f5 8. 0-0 Bxc3 9. bxc3 0-0 10. Nd2 Qh4 11. f3 Ng5 12. e4 f4 13. e5 d6 14. Ne4 dxe5 15. Nxg5 Qxg5 16. Bxh7+ Kh8 17. Be4 Bxe4 18. Qxe4 Nd7 19. Qc6 Qe7 20. a4 Rfc8 21. Ba3 Qf7 22. Rfe1 exd4 23. cxd4 Re8 24. Re4 e5 25. dxe5 Nf8 26. Bxf8 Qxf8 27. Rae1 Rac8 28. e6 Re7 29. Qd5 Rce8 30. Qg5 Qf6 31. Qxf6 gxf6 32. Rxf4 Rxe6 33. Rfe4 Rxe4 34. Rxe4 Rxe4 35. fxe4 Kg7 36. Kf2 c6 37. Ke3 a6 38. h4 Kg6 39. g4 Kf7 40. Kd4 Ke6 41. h5 Kf7 42. e5 b5 43. exf6 bxa4 44. g5 a5 45. Kc3 c5 46. Kb2 1-0

[Event "Jatai Kativa IRT"]
[Site "Jatai"]
[Date "2012.04.29"]
[Round "3"]
[White "De Paula, Luciano Alves"]
[Black "Rezende, Guilherme Vilela"]
[Result "0-1"]
[WhiteElo "1820"]
[BlackElo "2039"]
[PlyCount "73"]
[EventDate "2012.04.28"]
[EventType "tourn"]
[EventRounds "9"]
[EventCountry "BRA"]
[SourceTitle "CBM 148 Extra"]
[Source "ChessBase"]
[SourceDate "2012.06.22"]
[SourceVersion "1"]
[SourceVersionDate "2012.06.22"]
[SourceQuality "1"]

1. d4 Nf6 2. c4 e6 3. Nc3 Bb4 4. e3 b6 5. Bd3 Ba6 6. Nge2 c5 7. a3 Ba5 8. 0-0 Bxc3 9. Nxc3 0-0 10. Qc2 d5 11. cxd5 Bxd3 12. Qxd3 Nxd5 13. dxc5 bxc5 14. e4 Nxc3 15. Qxc3 Qd4 16. Qc2 Qe5 17. Be3 Nd7 18. Rfd1 Nf6 19. Bxc5 Rfc8 20. b4 a5 21. Rac1 axb4 22. axb4 Ng4 23. g3 Qh5 24. h4 g5 25. hxg5 Qh2+ 26. Kf1 Ra3 27. Rd2 Rf3 28. Rcd1 Ne3+ 29. Bxe3 Rxc2 30. Rxc2 Rxe3 31. Rc8+ Kg7 32. fxe3 Kg6 33. Rg8+ Kh5 34. Rdd8 Kg4 35. Rdf8 Kf3 36. Rxf7+ Kxe3 37. Ke1 0-1

[Event "BRA-ch Amateur"]
[Site "Goiania"]
[Date "2012.02.20"]
[Round "6"]
[White "Moura, Victor Cavinato"]
[Black "De Paula, Luciano Alves"]
[Result "1-0"]
[WhiteElo "2013"]
[BlackElo "1787"]
[PlyCount "78"]
[EventDate "2012.02.18"]
[EventType "swiss"]
[EventRounds "7"]
[EventCountry "BRA"]
[SourceTitle "CBM 147 Extra"]
[Source "ChessBase"]
[SourceDate "2012.04.24"]
[SourceVersion "1"]
[SourceVersionDate "2012.04.24"]
[SourceQuality "1"]

1. e4 c5 2. f4 Nc6 3. Nf3 e6 4. Bb5 a6 5. Bxc6 bxc6 6. 0-0 Ne7 7. b3 d5 8. d3 Qc7 9. c4 Ng6 10. Nc3 Nxf4 11. Ng5 e5 12. exd5 Be7 13. Bxf4 exf4 14. Qh5 Bxg5 15. Qxg5 0-0 16. Rae1 Qa5 17. Na4 h6 18. Qxf4 cxd5 19. cxd5 Bd7 20. Re7 Bxa4 21. bxa4 Rad8 22. d6 Qb4 23. Qxb4 cxb4 24. d7 f6 25. Rf4 Rf7 26. Rxf7 Kxf7 27. Rxb4 Rxd7 28. d4 Ke6 29. Kf2 f5 30. Ke3 g5 31. Kd3 Rd6 32. a5 Rc6 33. Rb8 Kd5 34. Rd8+ Rd6 35. Rc8 Rc6 36. Rf8 f4 37. Rf5+ Ke6 38. d5+ Kxf5 39. dxc6 Ke5 1-0

[Event "BRA-ch Amateur"]
[Site "Goiania"]
[Date "2012.02.19"]
[Round "4"]
[White "De Paula, Luciano Alves"]
[Black "Reis, Andre Luiz Cavalcan"]
[Result "1-0"]
[WhiteElo "1787"]
[BlackElo "1924"]
[PlyCount "67"]
[EventDate "2012.02.18"]
[EventType "swiss"]
[EventRounds "7"]
[EventCountry "BRA"]
[SourceTitle "CBM 147 Extra"]
[Source "ChessBase"]
[SourceDate "2012.04.24"]
[SourceVersion "1"]
[SourceVersionDate "2012.04.24"]
[SourceQuality "1"]

1. d4 d5 2. c4 e6 3. Nc3 Nf6 4. cxd5 exd5 5. Bg5 Be7 6. e3 Bf5 7. Qb3 b6 8. Bxf6 Bxf6 9. Qxd5 Qxd5 10. Nxd5 Bd8 11. Rc1 c6 12. Nf4 Be7 13. Bd3 Bb4+ 14. Ke2 Bxd3+ 15. Nxd3 a5 16. Nf3 f6 17. Nd2 Bxd2 18. Kxd2 Kd7 19. Rc2 Na6 20. a3 Rac8 21. Rhc1 h5 22. b4 axb4 23. axb4 h4 24. h3 Rhe8 25. b5 cxb5 26. Rxc8 Rxc8 27. Rxc8 Kxc8 28. Nf4 Kd7 29. Ng6 Ke6 30. Nxh4 Nb4 31. e4 Na2 32. Nf5 g6 33. Ne3 Nb4 34. f3 1-0

[Event "BRA-ch Amateur"]
[Site "Goiania"]
[Date "2012.02.18"]
[Round "1"]
[White "De Oliveira, Aquiles Machado"]
[Black "De Paula, Luciano Alves"]
[Result "1-0"]
[WhiteElo "2083"]
[BlackElo "1787"]
[PlyCount "97"]
[EventDate "2012.02.18"]
[EventType "swiss"]
[EventRounds "7"]
[EventCountry "BRA"]
[SourceTitle "CBM 147 Extra"]
[Source "ChessBase"]
[SourceDate "2012.04.24"]
[SourceVersion "1"]
[SourceVersionDate "2012.04.24"]
[SourceQuality "1"]

1. Nc3 d5 2. e4 c6 3. d4 e6 4. Nf3 Bb4 5. e5 Ne7 6. Bd3 c5 7. a3 cxd4 8. axb4 dxc3 9. bxc3 Qc7 10. Bd2 Ng6 11. Bxg6 hxg6 12. Qe2 Nc6 13. 0-0 Bd7 14. c4 Ne7 15. cxd5 Nxd5 16. c4 Nb6 17. Rfc1 a6 18. Be3 Rc8 19. Bc5 Bc6 20. Qe3 Nd7 21. Bd6 Qb6 22. Qg5 Qd8 23. Qxd8+ Rxd8 24. Ng5 Rh5 25. f4 Nb6 26. Ra2 Nc8 27. c5 Nxd6 28. exd6 Bd5 29. Re2 Kf8 30. Rd1 Re8 31. Rde1 Rd8 32. Ne4 Bxe4 33. Rxe4 Rd5 34. Kf2 g5 35. Re5 Rd2+ 36. R1e2 Rxe2+ 37. Kxe2 gxf4 38. Kf3 Ke8 39. Kxf4 Kd7 40. Rg5 Rg8 41. Ke4 Kc6 42. Kd3 f6 43. Rg4 b6 44. Kc4 e5 45. Rg3 bxc5 46. bxc5 Rh8 47. Rxg7 Rh4+ 48. g4 Rxh2 49. Rc7# 1-0

[Event "BRA-ch Amateur"]
[Site "Goiania"]
[Date "2012.02.18"]
[Round "2"]
[White "De Paula, Luciano Alves"]
[Black "Maquieira, Victor Rodrigues A"]
[Result "1-0"]
[WhiteElo "1787"]
[BlackElo "1810"]
[PlyCount "65"]
[EventDate "2012.02.18"]
[EventType "swiss"]
[EventRounds "7"]
[EventCountry "BRA"]
[SourceTitle "CBM 147 Extra"]
[Source "ChessBase"]
[SourceDate "2012.04.24"]
[SourceVersion "1"]
[SourceVersionDate "2012.04.24"]
[SourceQuality "1"]

1. d4 d5 2. c4 dxc4 3. e3 Nf6 4. Bxc4 Nc6 5. Nc3 Bf5 6. Qb3 e6 7. Qxb7 Nb4 8. Bb5+ Nd7 9. Ba4 Nc2+ 10. Bxc2 Bxc2 11. Nf3 Qb8 12. Qc6 Bb4 13. Ne5 Bxc3+ 14. bxc3 Qd8 15. Nxd7 Qxd7 16. Qxa8+ Qd8 17. Qxd8+ Kxd8 18. Ba3 Bd3 19. Kd2 Be4 20. f3 Bf5 21. e4 Bg6 22. Rab1 Kd7 23. Rb7 Ra8 24. h4 Kc6 25. Rhb1 f6 26. Rb8 Rxb8 27. Rxb8 h5 28. Bf8 f5 29. exf5 Bxf5 30. Bxg7 a5 31. Ke3 Kd5 32. Rb5+ Kc4 33. Rc5# 1-0

[Event "Santos Paulista-ch"]
[Site "Santos"]
[Date "2011.12.04"]
[Round "5"]
[White "Baccarin, Natalia Viaro"]
[Black "De Paula, Luciano Alves"]
[Result "1/2-1/2"]
[WhiteElo "1941"]
[BlackElo "1787"]
[PlyCount "85"]
[EventDate "2011.12.02"]
[EventType "swiss"]
[EventRounds "6"]
[EventCountry "BRA"]
[SourceTitle "CBM 146 Extra"]
[Source "ChessBase"]
[SourceDate "2012.02.29"]
[SourceVersion "1"]
[SourceVersionDate "2012.02.29"]
[SourceQuality "1"]

1. e4 c5 2. Nf3 e6 3. d3 Nc6 4. g3 g6 5. Bg2 Bg7 6. 0-0 Nge7 7. Re1 0-0 8. e5 d6 9. Bf4 dxe5 10. Nxe5 Bd7 11. Nxd7 Qxd7 12. Nc3 Rad8 13. Qc1 Nd4 14. Be5 Nec6 15. Bxg7 Kxg7 16. a3 b6 17. h4 h5 18. Qd2 Ne7 19. Rad1 Qc7 20. Ne4 Nd5 21. Ng5 Qe7 22. Nf3 Nxf3+ 23. Bxf3 Qf6 24. Bxd5 Rxd5 25. Qc3 Rfd8 26. Qxf6+ Kxf6 27. Re4 Rd4 28. Rde1 Rxe4 29. Rxe4 e5 30. Kg2 Rd4 31. Kf3 Ke6 32. Ke3 Kf5 33. f3 Rxe4+ 34. dxe4+ Ke6 35. Kd3 Kd6 36. g4 f6 37. Ke3 Ke6 38. gxh5 gxh5 39. Kd3 Kd6 40. Kc4 Kc6 41. a4 a6 42. Kd3 b5 43. axb5+ 1/2-1/2